[Event "DEM U18w 2025"]
[Site "Willingen GER"]
[Date "2025.06.08"]
[Round "1"]
[White "Czäczine, Laura"]
[Black "Heuberger, Sandra"]
[Result "1-0"]
[Termination "normal"]
[Board "12"]
[WhiteElo "1903"]
[BlackElo "1550"]
[WhiteClock "00:06:37"]
[BlackClock "00:03:15"]
[PlyCount "87"]
[WhiteFideId "16211448"]
[BlackFideId "16232151"]
[EventCountry "GER"]
[EventRounds "9"]
[EventType "swiss"]
[EventDate "2025.06.07"]

1. e4 {[%clk 01:30:58]} e5 {[%clk 01:30:52]} {[%emt 00:00:09]} 2. Nf3 {[%clk
01:31:24]} {[%emt 00:00:05]} Nc6 {[%clk 01:31:16]} {[%emt 00:00:05]} 3. Bb5
{[%clk 01:31:49]} {[%emt 00:00:05]} Nf6 {[%clk 01:28:39]} {[%emt 00:03:07]} 4.
O-O {[%clk 01:29:58]} {[%emt 00:02:21]} d6 {[%clk 01:26:16]} {[%emt 00:02:53]}
5. d4 {[%clk 01:21:22]} {[%emt 00:09:06]} Nd7 {[%clk 01:21:37]} {[%emt
00:05:10]} 6. c3 {[%clk 01:10:09]} {[%emt 00:11:43]} a6 {[%clk 01:18:47]}
{[%emt 00:03:20]} 7. Qa4 {[%clk 01:04:43]} {[%emt 00:05:55]} Nb6 {[%clk
01:12:11]} {[%emt 00:07:07]} 8. Bxc6+ {[%clk 01:04:06]} {[%emt 00:01:07]} bxc6
{[%clk 01:12:31]} {[%emt 00:00:09]} 9. Qc2 {[%clk 00:59:32]} {[%emt 00:05:04]}
Bg4 {[%clk 01:04:39]} {[%emt 00:08:22]} 10. Nbd2 {[%clk 00:50:30]} {[%emt
00:09:32]} Qf6 {[%clk 00:57:33]} {[%emt 00:07:36]} 11. h3 {[%clk 00:42:15]}
{[%emt 00:08:45]} Bh5 {[%clk 00:56:51]} {[%emt 00:01:12]} 12. a4 {[%clk
00:41:57]} {[%emt 00:00:48]} a5 {[%clk 00:54:55]} {[%emt 00:02:26]} 13. b4
{[%clk 00:35:33]} {[%emt 00:06:55]} Be7 {[%clk 00:52:31]} {[%emt 00:02:53]} 14.
dxe5 {[%clk 00:32:32]} {[%emt 00:03:30]} dxe5 {[%clk 00:52:15]} {[%emt
00:00:47]} 15. Bb2 {[%clk 00:31:39]} {[%emt 00:01:23]} O-O {[%clk 00:40:06]}
{[%emt 00:12:39]} 16. c4 {[%clk 00:24:23]} {[%emt 00:07:47]} Bxb4 {[%clk
00:35:18]} {[%emt 00:05:16]} 17. Nxe5 {[%clk 00:20:14]} {[%emt 00:04:40]} Qe6
{[%clk 00:33:29]} {[%emt 00:02:17]} 18. Rac1 {[%clk 00:14:39]} {[%emt
00:06:07]} c5 {[%clk 00:33:10]} {[%emt 00:00:49]} 19. f4 {[%clk 00:08:32]}
{[%emt 00:06:37]} f6 {[%clk 00:28:09]} {[%emt 00:05:31]} 20. f5 {[%clk
00:06:48]} {[%emt 00:02:14]} Qe8 {[%clk 00:24:22]} {[%emt 00:04:16]} 21. Nef3
{[%clk 00:06:25]} {[%emt 00:00:53]} Nxa4 {[%clk 00:23:16]} {[%emt 00:01:37]}
22. Ba1 {[%clk 00:06:33]} {[%emt 00:00:22]} Nb6 {[%clk 00:23:00]} {[%emt
00:00:46]} 23. e5 {[%clk 00:06:17]} {[%emt 00:00:46]} fxe5 {[%clk 00:21:08]}
{[%emt 00:02:23]} 24. Nxe5 {[%clk 00:06:20]} {[%emt 00:00:26]} Rd8 {[%clk
00:21:02]} {[%emt 00:00:34]} 25. Ne4 {[%clk 00:06:18]} {[%emt 00:00:32]} Nd7
{[%clk 00:19:32]} {[%emt 00:02:01]} 26. Nxd7 {[%clk 00:06:02]} {[%emt
00:00:47]} Rxd7 {[%clk 00:17:07]} {[%emt 00:02:55]} 27. f6 {[%clk 00:06:01]}
{[%emt 00:00:30]} Bg6 {[%clk 00:14:05]} {[%emt 00:03:32]} 28. fxg7 {[%clk
00:04:37]} {[%emt 00:01:55]} Rxf1+ {[%clk 00:13:00]} {[%emt 00:01:35]} 29. Rxf1
{[%clk 00:05:02]} {[%emt 00:00:05]} Rf7 {[%clk 00:11:49]} {[%emt 00:01:39]} 30.
Rxf7 {[%clk 00:04:34]} {[%emt 00:01:00]} Qxf7 {[%clk 00:09:09]} {[%emt
00:03:10]} 31. Qd3 {[%clk 00:04:14]} {[%emt 00:00:48]} Qe7 {[%clk 00:04:40]}
{[%emt 00:05:00]} 32. Qd5+ {[%clk 00:04:19]} {[%emt 00:00:25]} Bf7 {[%clk
00:03:51]} {[%emt 00:01:19]} 33. Qa8+ {[%clk 00:04:31]} {[%emt 00:00:19]} Be8
{[%clk 00:04:03]} {[%emt 00:00:18]} 34. Nf6+ {[%clk 00:04:37]} {[%emt
00:00:23]} Kxg7 {[%clk 00:04:06]} {[%emt 00:00:28]} 35. Nd5+ {[%clk 00:04:57]}
{[%emt 00:00:09]} Kf7 {[%clk 00:04:02]} {[%emt 00:00:34]} 36. Nxe7 {[%clk
00:05:22]} {[%emt 00:00:06]} Kxe7 {[%clk 00:04:21]} {[%emt 00:00:11]} 37. Qe4+
{[%clk 00:05:33]} {[%emt 00:00:16]} Kd7 {[%clk 00:03:37]} {[%emt 00:01:16]} 38.
Qxh7+ {[%clk 00:05:48]} {[%emt 00:00:16]} Kc6 {[%clk 00:03:47]} {[%emt
00:00:20]} 39. Be5 {[%clk 00:06:09]} {[%emt 00:00:07]} Bd7 {[%clk 00:03:58]}
{[%emt 00:00:20]} 40. Qe4+ {[%clk 00:06:06]} {[%emt 00:00:34]} Kb6 {[%clk
00:04:14]} {[%emt 00:00:14]} 41. Qa8 {[%clk 00:05:57]} {[%emt 00:00:38]} a4
{[%clk 00:03:31]} {[%emt 00:01:14]} 42. Qb8+ {[%clk 00:06:15]} {[%emt
00:00:12]} Ka6 {[%clk 00:03:35]} {[%emt 00:00:26]} 43. Bxc7 {[%clk 00:06:37]}
{[%emt 00:00:08]} a3 {[%clk 00:03:15]} {[%emt 00:00:50]} 44. Qb6# {[%emt
00:00:06]} 1-0

[Event "DEM U18w 2025"]
[Site "Willingen GER"]
[Date "2025.06.08"]
[Round "1"]
[White "Schirmer, Sara"]
[Black "von Beckh, Frieda"]
[Result "0-1"]
[Termination "normal"]
[Board "13"]
[WhiteElo "1630"]
[BlackElo "1799"]
[WhiteClock "00:25:01"]
[BlackClock "00:09:06"]
[PlyCount "133"]
[WhiteFideId "16297580"]
[BlackFideId "16233751"]
[EventCountry "GER"]
[EventRounds "9"]
[EventType "swiss"]
[EventDate "2025.06.07"]

1. e4 {[%clk 01:30:58]} {[%emt 00:00:02]} c5 {[%clk 01:30:55]} {[%emt
00:00:06]} 2. Nf3 {[%clk 01:31:23]} {[%emt 00:00:05]} Nc6 {[%clk 01:31:20]}
{[%emt 00:00:05]} 3. d4 {[%clk 01:31:48]} {[%emt 00:00:04]} cxd4 {[%clk
01:31:47]} {[%emt 00:00:04]} 4. Nxd4 {[%clk 01:32:12]} {[%emt 00:00:05]} g6
{[%clk 01:32:14]} {[%emt 00:00:04]} 5. c4 {[%clk 01:32:33]} {[%emt 00:00:09]}
Bg7 {[%clk 01:32:38]} {[%emt 00:00:05]} 6. Be3 {[%clk 01:32:56]} {[%emt
00:00:07]} Nf6 {[%clk 01:33:04]} {[%emt 00:00:05]} 7. Nc3 {[%clk 01:33:16]}
{[%emt 00:00:09]} O-O {[%clk 01:33:26]} {[%emt 00:00:08]} 8. Be2 {[%clk
01:33:41]} {[%emt 00:00:05]} d6 {[%clk 01:33:51]} {[%emt 00:00:06]} 9. O-O
{[%clk 01:33:47]} {[%emt 00:00:23]} Bd7 {[%clk 01:34:18]} {[%emt 00:00:03]} 10.
f3 {[%clk 01:33:54]} {[%emt 00:00:23]} Nxd4 {[%clk 01:34:41]} {[%emt 00:00:07]}
11. Bxd4 {[%clk 01:34:10]} {[%emt 00:00:14]} Bc6 {[%clk 01:35:06]} {[%emt
00:00:05]} 12. Qd2 {[%clk 01:33:59]} {[%emt 00:00:42]} Nd7 {[%clk 01:35:26]}
{[%emt 00:00:09]} 13. Be3 {[%clk 01:29:53]} {[%emt 00:04:37]} a5 {[%clk
01:34:02]} {[%emt 00:01:53]} 14. b3 {[%clk 01:28:12]} {[%emt 00:02:12]} Nc5
{[%clk 01:33:20]} {[%emt 00:01:10]} 15. Rab1 {[%clk 01:26:43]} {[%emt
00:02:00]} Ne6 {[%clk 01:11:08]} {[%emt 00:22:39]} 16. Nd5 {[%clk 01:17:14]}
{[%emt 00:10:03]} Bxd5 {[%clk 01:09:48]} {[%emt 00:01:48]} 17. exd5 {[%clk
01:17:18]} {[%emt 00:00:27]} Nc5 {[%clk 01:08:11]} {[%emt 00:02:06]} 18. Kh1
{[%clk 01:16:07]} {[%emt 00:01:42]} Qc7 {[%clk 00:59:38]} {[%emt 00:09:02]} 19.
Rfe1 {[%clk 01:11:40]} {[%emt 00:04:58]} Nd7 {[%clk 00:55:10]} {[%emt
00:04:57]} 20. Bf1 {[%clk 01:07:52]} {[%emt 00:04:19]} Nf6 {[%clk 00:52:47]}
{[%emt 00:02:52]} 21. Bd4 {[%clk 01:00:26]} {[%emt 00:07:57]} Rfe8 {[%clk
00:51:37]} {[%emt 00:01:38]} 22. Bd3 {[%clk 00:49:30]} {[%emt 00:11:28]} Nd7
{[%clk 00:51:13]} {[%emt 00:00:54]} 23. Bxg7 {[%clk 00:45:28]} {[%emt
00:04:32]} Kxg7 {[%clk 00:51:36]} {[%emt 00:00:07]} 24. Re3 {[%clk 00:45:45]}
{[%emt 00:00:13]} b6 {[%clk 00:48:04]} {[%emt 00:04:00]} 25. Rbe1 {[%clk
00:43:56]} {[%emt 00:02:21]} Nc5 {[%clk 00:45:19]} {[%emt 00:03:14]} 26. Qe2
{[%clk 00:40:23]} {[%emt 00:04:03]} Ra7 {[%clk 00:43:37]} {[%emt 00:02:12]} 27.
Bb1 {[%clk 00:38:43]} {[%emt 00:02:11]} Qb7 {[%clk 00:41:39]} {[%emt 00:02:28]}
28. a4 {[%clk 00:36:19]} {[%emt 00:02:55]} Qd7 {[%clk 00:39:08]} {[%emt
00:02:51]} 29. f4 {[%clk 00:31:19]} {[%emt 00:05:38]} Rc7 {[%clk 00:36:59]}
{[%emt 00:02:38]} 30. Rf1 {[%clk 00:26:55]} {[%emt 00:04:56]} Qd8 {[%clk
00:31:22]} {[%emt 00:06:07]} 31. f5 {[%clk 00:27:02]} {[%emt 00:00:23]} Nd7
{[%clk 00:30:28]} {[%emt 00:01:22]} 32. h4 {[%clk 00:19:31]} {[%emt 00:08:03]}
Ne5 {[%clk 00:28:22]} {[%emt 00:02:34]} 33. h5 {[%clk 00:19:31]} {[%emt
00:00:32]} Rh8 {[%clk 00:18:02]} {[%emt 00:10:48]} 34. Rh3 {[%clk 00:06:13]}
{[%emt 00:13:50]} g5 {[%clk 00:13:46]} {[%emt 00:04:45]} 35. h6+ {[%clk
00:05:27]} {[%emt 00:01:17]} Kf8 {[%clk 00:11:21]} {[%emt 00:02:56]} 36. Qe3
{[%clk 00:04:51]} {[%emt 00:01:04]} g4 {[%clk 00:09:12]} {[%emt 00:02:39]} 37.
Rh5 {[%clk 00:04:00]} {[%emt 00:01:21]} f6 {[%clk 00:08:50]} {[%emt 00:00:53]}
38. Qxb6 {[%clk 00:03:59]} {[%emt 00:00:31]} Qe8 {[%clk 00:06:16]} {[%emt
00:03:04]} 39. Rh2 {[%clk 00:03:46]} {[%emt 00:00:43]} Rc5 {[%clk 00:06:05]}
{[%emt 00:00:39]} 40. b4 {[%clk 00:02:00]} {[%emt 00:02:18]} axb4 {[%clk
00:05:30]} {[%emt 00:01:04]} 41. Qxb4 {[%clk 00:01:03]} {[%emt 00:01:28]} Rxc4
{[%clk 00:05:47]} {[%emt 00:00:12]} 42. Qb5 {[%clk 00:01:23]} {[%emt 00:00:10]}
Rxa4 {[%clk 00:04:50]} {[%emt 00:01:28]} 43. Qxe8+ {[%clk 00:01:41]} {[%emt
00:00:11]} Kxe8 {[%clk 00:05:15]} {[%emt 00:00:06]} 44. g3 {[%clk 00:00:45]}
{[%emt 00:01:25]} Kf7 {[%clk 00:04:45]} {[%emt 00:00:58]} 45. Ra2 {[%clk
00:29:25]} {[%emt 00:01:54]} Rha8 {[%clk 00:34:31]} {[%emt 00:00:44]} 46. Rff2
{[%clk 00:28:50]} {[%emt 00:01:01]} Rxa2 {[%clk 00:27:29]} {[%emt 00:07:35]}
47. Rxa2 {[%clk 00:29:08]} {[%emt 00:00:12]} Rxa2 {[%clk 00:27:54]} {[%emt
00:00:05]} 48. Bxa2 {[%clk 00:29:33]} {[%emt 00:00:05]} Ke8 {[%clk 00:27:16]}
{[%emt 00:01:07]} 49. Bb3 {[%clk 00:29:12]} {[%emt 00:00:52]} Nf7 {[%clk
00:27:18]} {[%emt 00:00:28]} 50. Kg2 {[%clk 00:28:53]} {[%emt 00:00:49]} Nxh6
{[%clk 00:27:33]} {[%emt 00:00:15]} 51. Bc2 {[%clk 00:29:10]} {[%emt 00:00:13]}
Nf7 {[%clk 00:27:49]} {[%emt 00:00:13]} 52. Kf2 {[%clk 00:29:25]} {[%emt
00:00:16]} h5 {[%clk 00:27:43]} {[%emt 00:00:35]} 53. Ke3 {[%clk 00:29:40]}
{[%emt 00:00:17]} Kd8 {[%clk 00:23:29]} {[%emt 00:04:42]} 54. Ba4 {[%clk
00:29:48]} {[%emt 00:00:24]} Ne5 {[%clk 00:21:32]} {[%emt 00:02:26]} 55. Bb5
{[%clk 00:29:31]} {[%emt 00:00:47]} Nd7 {[%clk 00:17:04]} {[%emt 00:04:58]} 56.
Kf4 {[%clk 00:29:23]} {[%emt 00:00:38]} Kc7 {[%clk 00:15:44]} {[%emt 00:01:49]}
57. Ba4 {[%clk 00:29:35]} {[%emt 00:00:19]} Kd8 {[%clk 00:11:57]} {[%emt
00:04:16]} 58. Bb5 {[%clk 00:29:39]} {[%emt 00:00:27]} Nc5 {[%clk 00:11:55]}
{[%emt 00:00:32]} 59. Ke3 {[%clk 00:28:18]} {[%emt 00:01:48]} Nd7 {[%clk
00:10:00]} {[%emt 00:02:28]} 60. Kf4 {[%clk 00:28:04]} {[%emt 00:00:43]} Nb6
{[%clk 00:09:17]} {[%emt 00:01:14]} 61. Ke4 {[%clk 00:26:53]} {[%emt 00:01:39]}
Na8 {[%clk 00:08:10]} {[%emt 00:01:40]} 62. Ba4 {[%clk 00:26:11]} {[%emt
00:01:10]} Nc7 {[%clk 00:08:00]} {[%emt 00:00:42]} 63. Bc6 {[%clk 00:25:50]}
{[%emt 00:00:46]} Kc8 {[%clk 00:08:00]} {[%emt 00:00:34]} 64. Kf4 {[%clk
00:25:18]} {[%emt 00:01:00]} Kb8 {[%clk 00:08:18]} {[%emt 00:00:13]} 65. Ke4
{[%clk 00:25:00]} {[%emt 00:00:48]} Ka7 {[%clk 00:08:41]} {[%emt 00:00:08]} 66.
Ba4 {[%clk 00:25:01]} {[%emt 00:00:27]} Kb6 {[%clk 00:09:06]} {[%emt 00:00:07]}
67. Kd4 {[%emt 00:02:46]} 0-1

[Event "DEM U18w 2025"]
[Site "Willingen GER"]
[Date "2025.06.08"]
[Round "1"]
[White "Fock, Madiha"]
[Black "Loos, Violeta"]
[Result "1-0"]
[Termination "normal"]
[Board "14"]
[WhiteElo "1830"]
[BlackElo "1544"]
[WhiteClock "00:12:17"]
[BlackClock "00:00:59"]
[PlyCount "55"]
[WhiteFideId "16253574"]
[BlackFideId "34605290"]
[EventCountry "GER"]
[EventRounds "9"]
[EventType "swiss"]
[EventDate "2025.06.07"]

1. e4 {[%clk 01:30:57]} {[%emt 00:00:02]} e5 {[%clk 01:30:49]} {[%emt
00:00:12]} 2. Nf3 {[%clk 01:31:22]} {[%emt 00:00:05]} Nc6 {[%clk 01:31:08]}
{[%emt 00:00:12]} 3. Bb5 {[%clk 01:31:41]} {[%emt 00:00:11]} Nge7 {[%clk
01:31:22]} {[%emt 00:00:16]} 4. c3 {[%clk 01:24:51]} {[%emt 00:07:20]} g6
{[%clk 01:28:37]} {[%emt 00:03:14]} 5. d4 {[%clk 01:20:15]} {[%emt 00:05:07]}
exd4 {[%clk 01:27:11]} {[%emt 00:01:56]} 6. Nxd4 {[%clk 01:19:55]} {[%emt
00:00:49]} Bg7 {[%clk 01:20:53]} {[%emt 00:06:48]} 7. Be3 {[%clk 01:12:45]}
{[%emt 00:07:40]} O-O {[%clk 01:16:59]} {[%emt 00:04:24]} 8. O-O {[%clk
01:11:14]} {[%emt 00:02:01]} Re8 {[%clk 01:07:12]} {[%emt 00:10:17]} 9. f4
{[%clk 00:58:45]} {[%emt 00:13:00]} d5 {[%clk 00:37:57]} {[%emt 00:29:44]} 10.
e5 {[%clk 00:54:18]} {[%emt 00:04:58]} a6 {[%clk 00:32:21]} {[%emt 00:06:05]}
11. Ba4 {[%clk 00:52:28]} {[%emt 00:02:20]} b5 {[%clk 00:31:59]} {[%emt
00:00:53]} 12. Bc2 {[%clk 00:49:01]} {[%emt 00:03:56]} Na5 {[%clk 00:29:46]}
{[%emt 00:02:44]} 13. Nd2 {[%clk 00:44:10]} {[%emt 00:05:21]} f6 {[%clk
00:21:12]} {[%emt 00:09:04]} 14. exf6 {[%clk 00:39:21]} {[%emt 00:05:19]} Bxf6
{[%clk 00:21:25]} {[%emt 00:00:16]} 15. Qf3 {[%clk 00:31:34]} {[%emt 00:08:17]}
Bxd4 {[%clk 00:13:19]} {[%emt 00:08:36]} 16. Bxd4 {[%clk 00:29:47]} {[%emt
00:02:17]} Nf5 {[%clk 00:12:08]} {[%emt 00:01:41]} 17. Bxf5 {[%clk 00:28:36]}
{[%emt 00:01:41]} Bxf5 {[%clk 00:12:26]} {[%emt 00:00:13]} 18. Rae1 {[%clk
00:27:59]} {[%emt 00:01:06]} Qd6 {[%clk 00:10:28]} {[%emt 00:02:28]} 19. g4
{[%clk 00:23:19]} {[%emt 00:05:10]} Bd7 {[%clk 00:06:08]} {[%emt 00:04:49]} 20.
f5 {[%clk 00:21:08]} {[%emt 00:02:42]} Rf8 {[%clk 00:05:17]} {[%emt 00:01:21]}
21. f6 {[%clk 00:18:26]} {[%emt 00:03:12]} Rf7 {[%clk 00:04:13]} {[%emt
00:01:34]} 22. b4 {[%clk 00:14:01]} {[%emt 00:04:55]} Nc6 {[%clk 00:04:07]}
{[%emt 00:00:36]} 23. Bc5 {[%clk 00:14:24]} {[%emt 00:00:07]} Ne5 {[%clk
00:03:12]} {[%emt 00:01:25]} 24. Qg3 {[%clk 00:14:22]} {[%emt 00:00:33]} Qc6
{[%clk 00:02:03]} {[%emt 00:01:38]} 25. Rxe5 {[%clk 00:14:10]} {[%emt
00:00:41]} Rxf6 {[%clk 00:01:13]} {[%emt 00:01:21]} 26. Rxf6 {[%clk 00:13:04]}
{[%emt 00:01:36]} Qxf6 {[%clk 00:01:37]} {[%emt 00:00:06]} 27. Re7 {[%clk
00:12:25]} {[%emt 00:01:09]} Rd8 {[%clk 00:00:59]} {[%emt 00:01:08]} 28. Qxc7
{[%clk 00:12:17]} {[%emt 00:00:38]} 1-0